Texturas: estudios interdisciplinarios sobre el discurso

Đã lưu trong:
Chi tiết về thư mục
Tác giả của công ty: Universidad Nacional del Litoral (Tác giả)
Định dạng: Sách
Ngôn ngữ:Tiếng Tây Ban Nha
Được phát hành: Santa Fe Universidad Nacional del Litoral 2012
Loạt:Centro de Estudios de los Discursos en Sociedad - CEDeS, 12
Những chủ đề:
Các nhãn: Thêm thẻ
Không có thẻ, Là người đầu tiên thẻ bản ghi này!

MARC

LEADER 00000cam a2200000 a 4500
001 UCF7414
003 CL-VaPUC
008 130620e20120000AG |||||||||||||||||spa|d
082 0 4 |a 401.41  |b UNI  |2 21 
110 2 |a Universidad Nacional del Litoral  |e author  |9 569460 
245 1 0 |a Texturas: estudios interdisciplinarios sobre el discurso 
300 |a 230 p 
942 |c BK 
945 |d 20130620 00:00:00  |a dcastane 
260 |a Santa Fe  |b Universidad Nacional del Litoral  |c 2012 
650 0 |a Análisis del discurso  |9 256696 
650 0 |a Literatura  |9 259151 
650 0 |a Lingüística  |9 265068 
583 |a last modification  |c 20130620 13:43:00  |k Rodrigo Vera 
490 0 |a Centro de Estudios de los Discursos en Sociedad - CEDeS, 12 
999 |c 352257  |d 352255 
952 |0 0  |1 0  |4 0  |6 401_410000000000000_UNI_2012  |7 0  |8 A  |9 456719  |a FDOPOS  |b FDOPOS  |d 2019-11-22  |i 4981472  |o 401.41 UNI 2012  |p 4981472  |r 2025-01-22  |w 2019-11-22  |y BK  |k DLA